An introduction to lexical semantics:a formal approach to word meaning and its composition / EunHee Lee (Record no. 22677)

000 -LEADER
fixed length control field 00515nam a22001457a 4500
020 ## - INTERNATIONAL STANDARD BOOK NUMBER
ISBN 9781032393438
082 ## - DEWEY DECIMAL CLASSIFICATION NUMBER
Classification number 401.43
Item number L477 2023
100 ## - MAIN ENTRY--AUTHOR NAME
Personal name Lee, EunHee, author.
245 ## - TITLE STATEMENT
Title An introduction to lexical semantics:a formal approach to word meaning and its composition / EunHee Lee
260 ## - PUBLICATION, DISTRIBUTION, ETC. (IMPRINT)
Place of publication New York, NY :
Name of publisher Routledge,
Year of publication c2023.
300 ## - PHYSICAL DESCRIPTION
Number of Pages 1 online resource, x, 324 pages :
Other physical details illustrations.
500 ## - GENERAL NOTE
General note Includes bibliographical references and index.
650 ## - SUBJECT ADDED ENTRY--TOPICAL TERM
Topical Term Lexical Semantics.
942 ## - ADDED ENTRY ELEMENTS (KOHA)
Koha item type Electronic Books
Holdings
Source of acquisition Permanent Location Date acquired Collection code Koha item type Lost status Shelving location Withdrawn status Current Location Full call number
DonationCagayan State University - Carig Library2026-04-17E-BooksElectronic Books E-Resource Section Cagayan State University - Carig Library401.43 L477 2023

Cagayan State University University Library, Carig Campus
Tuguegarao City, Cagayan 3500 | www.csucarig.edu.ph

Powered by Koha